000
00260nam a2200109Ia 4500
008
190216s9999||||xx |||||||||||||| ||und||
100
_a
Anupam Biswas
245
0
_a
Computerising Your Business
260
_b
Popular Prakashan
_c
1989
300
_a
158p
942
_c
BK
999
_c
5536
_d
5536